[Event "AUT-ch Blitz"]
[Site "Innsbruck"]
[Date "2025.06.21"]
[Round "5"]
[White "Neuschmied, Siegfried"]
[Black "Borrmann, Laurenz"]
[Result "0-1"]
[WhiteElo "2199"]
[BlackElo "2413"]
[PlyCount "56"]
[EventDate "2025.06.21"]
[EventType "swiss (blitz)"]
[EventRounds "11"]
[EventCountry "AUT"]
[SourceTitle "CB26_2025"]
[SourceDate "2025.06.25"]
[SourceVersion "1"]
[SourceVersionDate "2025.06.25"]
[SourceQuality "1"]

1. e4 c6 2. d4 d5 3. e5 c5 4. dxc5 e6 5. a3 Bxc5 6. b4 Be7 7. Bb2 Nh6 8. Bd3 a5 9. b5 Nd7 10. Nf3 f6 11. Nbd2 Nf7 12. exf6 Bxf6 13. Bxf6 Qxf6 14. 0-0 0-0 15. c4 Nde5 16. Be2 Rd8 17. Qc2 Bd7 18. Rac1 Rac8 19. c5 Nxf3+ 20. Nxf3 e5 21. Qa4 Bf5 22. Qxa5 e4 23. Nd2 d4 24. Bc4 Kh8 25. c6 bxc6 26. bxc6 Ne5 27. Bd5 Qg5 28. Nxe4 Bxe4 0-1

[Event "AUT-ch Blitz"]
[Site "Innsbruck"]
[Date "2025.06.21"]
[Round "1"]
[White "Neuschmied, Siegfried"]
[Black "Spierings, Benjamin"]
[Result "1-0"]
[WhiteElo "2199"]
[BlackElo "1792"]
[PlyCount "47"]
[EventDate "2025.06.21"]
[EventType "swiss (blitz)"]
[EventRounds "11"]
[EventCountry "AUT"]
[SourceTitle "CB26_2025"]
[SourceDate "2025.06.25"]
[SourceVersion "1"]
[SourceVersionDate "2025.06.25"]
[SourceQuality "1"]

1. e4 c5 2. Nf3 Nc6 3. Bb5 Qb6 4. Nc3 e6 5. 0-0 Nd4 6. a4 a6 7. Bc4 Be7 8. d3 d6 9. a5 Qd8 10. Nxd4 cxd4 11. Ne2 e5 12. c3 dxc3 13. Qb3 Be6 14. Bxe6 fxe6 15. Qxe6 Qc8 16. Qb3 cxb2 17. Bxb2 Nf6 18. Ng3 g6 19. d4 exd4 20. Bxd4 Qd7 21. Rab1 0-0-0 22. Ba7 Qb5 23. Qe6+ Qd7 24. Rfc1# 1-0

[Event "AUT-ch Blitz"]
[Site "Innsbruck"]
[Date "2025.06.21"]
[Round "9"]
[White "Neuschmied, Siegfried"]
[Black "Wohlfahrt, Herbert J"]
[Result "0-1"]
[WhiteElo "2199"]
[BlackElo "2362"]
[PlyCount "87"]
[EventDate "2025.06.21"]
[EventType "swiss (blitz)"]
[EventRounds "11"]
[EventCountry "AUT"]
[SourceTitle "CB26_2025"]
[SourceDate "2025.06.25"]
[SourceVersion "1"]
[SourceVersionDate "2025.06.25"]
[SourceQuality "1"]

1. e4 c5 2. Nf3 b6 3. d4 cxd4 4. Nxd4 Bb7 5. Nc3 a6 6. a4 d6 7. Be3 Nf6 8. f3 e6 9. Bc4 Nbd7 10. 0-0 Ne5 11. Bb3 Rc8 12. Qe2 Qc7 13. Rfd1 g6 14. Qf2 Nfd7 15. Rd2 Nc4 16. Bxc4 Qxc4 17. Nde2 Qc7 18. Rad1 Be7 19. Bh6 Ne5 20. b3 Bf6 21. Rxd6 Be7 22. R6d2 Bb4 23. Bg7 Rg8 24. Bxe5 Qxe5 25. Rd7 Bc5 26. R7d4 Kf8 27. Kh1 Kg7 28. f4 Bxd4 29. Rxd4 Qc5 30. Qh4 Rc7 31. e5 Qe7 32. Qf2 Rd8 33. Qe3 Rxd4 34. Qxd4 Qc5 35. Qd8 Qe7 36. Qd4 Qd7 37. Qxb6 Qc6 38. Qf2 Rd7 39. h4 Rd2 40. h5 Rxc2 41. hxg6 hxg6 42. Kh2 Rd2 43. Kh3 Rd8 44. Kg3 0-1

[Event "AUT-ch Rapid"]
[Site "Innsbruck"]
[Date "2025.06.20"]
[Round "6"]
[White "Neuschmied, Siegfried"]
[Black "Haselsberger, Armin"]
[Result "1-0"]
[WhiteElo "2199"]
[BlackElo "1957"]
[PlyCount "61"]
[EventDate "2025.06.19"]
[EventType "swiss (rapid)"]
[EventRounds "9"]
[EventCountry "AUT"]
[SourceTitle "CB26_2025"]
[SourceDate "2025.06.25"]
[SourceVersion "1"]
[SourceVersionDate "2025.06.25"]
[SourceQuality "1"]

1. e4 c6 2. d4 d5 3. e5 Bf5 4. Nf3 e6 5. Be2 Nd7 6. 0-0 h6 7. Nbd2 Ne7 8. Nb3 g5 9. a4 Bg6 10. a5 a6 11. Ne1 Nf5 12. Nd3 Bg7 13. Bd2 0-0 14. Bb4 Re8 15. Bh5 Kh7 16. Bxg6+ Kxg6 17. g4 Nh4 18. f4 f5 19. Be1 Rg8 20. Bxh4 gxh4 21. Kh1 Qf8 22. Rg1 Kh7 23. g5 Qe8 24. Qe2 Nf8 25. Rg2 Rc8 26. Rag1 Bh8 27. Nd2 Rc7 28. Nf3 Rcg7 29. Nxh4 Ng6 30. Nf3 Nf8 31. g6+ 1-0

[Event "AUT-ch Rapid"]
[Site "Innsbruck"]
[Date "2025.06.20"]
[Round "8"]
[White "Neuschmied, Siegfried"]
[Black "Zanon, Magnus"]
[Result "1/2-1/2"]
[WhiteElo "2199"]
[BlackElo "2098"]
[PlyCount "74"]
[EventDate "2025.06.19"]
[EventType "swiss (rapid)"]
[EventRounds "9"]
[EventCountry "AUT"]
[SourceTitle "CB26_2025"]
[SourceDate "2025.06.25"]
[SourceVersion "1"]
[SourceVersionDate "2025.06.25"]
[SourceQuality "1"]

1. e4 e6 2. d4 d5 3. e5 c5 4. c3 Bd7 5. Nf3 Nc6 6. Be2 f6 7. 0-0 fxe5 8. dxe5 Qc7 9. Re1 Nh6 10. Bd3 Nf7 11. Qe2 Be7 12. c4 d4 13. a3 g5 14. h3 h5 15. Bg6 g4 16. Ng5 Bxg5 17. Bxg5 Rg8 18. Bxf7+ Kxf7 19. h4 Ne7 20. Bxe7 Kxe7 21. b4 g3 22. f3 Raf8 23. Qd3 Ke8 24. bxc5 Qxc5 25. Nd2 Bc6 26. Nb3 Qb6 27. c5 Qd8 28. Qxd4 Qxd4+ 29. Nxd4 Bd5 30. Ne2 Rf5 31. Nc3 Bc6 32. Rad1 Rf4 33. Rd6 Ke7 34. Red1 Rf5 35. Re1 Rf4 36. Red1 Rf5 37. Re1 Rf4 1/2-1/2

[Event "Bodensee Seniors op"]
[Site "Bregenz"]
[Date "2025.05.31"]
[Round "7"]
[White "Adrian, Claude"]
[Black "Neuschmied, Siegfried"]
[Result "1/2-1/2"]
[WhiteElo "2142"]
[BlackElo "2242"]
[PlyCount "33"]
[EventDate "2025.05.25"]
[EventType "swiss"]
[EventRounds "7"]
[EventCountry "AUT"]
[SourceTitle "CB29_2025"]
[SourceDate "2025.07.16"]
[SourceVersion "1"]
[SourceVersionDate "2025.07.16"]
[SourceQuality "1"]

1. Nf3 Nf6 2. c4 g6 3. g3 Bg7 4. Bg2 d6 5. d4 c6 6. 0-0 0-0 7. Nc3 Bf5 8. Nh4 Be6 9. d5 cxd5 10. cxd5 Bd7 11. e4 b5 12. Be3 b4 13. Ne2 Bb5 14. Re1 Ng4 15. Nd4 Nxe3 16. Rxe3 Qb6 17. Nhf3 1/2-1/2

[Event "Bodensee Seniors op"]
[Site "Bregenz"]
[Date "2025.05.26"]
[Round "2"]
[White "Neuschmied, Siegfried"]
[Black "Raddatz, Michael"]
[Result "1-0"]
[WhiteElo "2242"]
[BlackElo "1983"]
[PlyCount "123"]
[EventDate "2025.05.25"]
[EventType "swiss"]
[EventRounds "7"]
[EventCountry "AUT"]
[SourceTitle "CB29_2025"]
[SourceDate "2025.07.16"]
[SourceVersion "1"]
[SourceVersionDate "2025.07.16"]
[SourceQuality "1"]

1. e4 c5 2. Nf3 d6 3. Bb5+ Bd7 4. Bxd7+ Nxd7 5. 0-0 Ngf6 6. Re1 e6 7. d3 Be7 8. Nbd2 e5 9. c3 Rc8 10. Nf1 0-0 11. Ng3 g6 12. h3 Qc7 13. Bg5 b5 14. Qd2 Rfe8 15. Re2 Nf8 16. Nh2 Ne6 17. f4 exf4 18. Bxf4 Nxf4 19. Qxf4 d5 20. e5 Nd7 21. Rf1 f5 22. Nf3 Nf8 23. d4 Ne6 24. Qd2 cxd4 25. cxd4 Qc4 26. Ra1 Bb4 27. Qd1 Ba5 28. Rf2 Bb6 29. Rd2 Ba5 30. Rf2 Rc7 31. Nf1 f4 32. N1d2 Qc2 33. Qxc2 Rxc2 34. Nb3 Rxf2 35. Kxf2 Bb6 36. Rc1 Re7 37. Rc6 Kf7 38. Rd6 Rc7 39. Rxd5 Rc2+ 40. Kg1 Rxb2 41. Kh2 Ke7 42. Rxb5 Nc7 43. Rb4 Nd5 44. Ra4 Ne3 45. Nbd2 g5 46. d5 Nxd5 47. Nc4 Rb1 48. Nxb6 axb6 49. Nxg5 Ne3 50. Rxf4 Nf1+ 51. Kg1 Ng3+ 52. Kf2 Nh1+ 53. Kf3 h6 54. Ne4 Rb2 55. Rf6 h5 56. a4 Rb3+ 57. Kf4 Rb4 58. Kf5 Rb2 59. g4 h4 60. Re6+ Kf8 61. Kg6 Ng3 62. Nf6 1-0

[Event "AUT-ch"]
[Site "Linz"]
[Date "2024.07.29"]
[Round "3"]
[White "Neuschmied, Siegfried"]
[Black "Mandukhai, Myagmarsuren"]
[Result "1-0"]
[WhiteElo "2260"]
[BlackElo "2088"]
[PlyCount "109"]
[EventDate "2024.07.27"]
[EventType "swiss"]
[EventRounds "9"]
[EventCountry "AUT"]
[SourceTitle "CBM 221 Extra"]
[Source "ChessBase"]
[SourceDate "2024.09.30"]
[SourceVersion "1"]
[SourceVersionDate "2024.09.30"]
[SourceQuality "1"]

1. Nf3 d5 2. g3 g6 3. Bg2 Bg7 4. 0-0 e5 5. d3 Nc6 6. Nbd2 Nge7 7. e4 0-0 8. c3 h6 9. Re1 Be6 10. Qc2 a5 11. exd5 Bxd5 12. Nc4 e4 13. Nfd2 exd3 14. Qxd3 Bxg2 15. Qxd8 Rfxd8 16. Kxg2 b5 17. Na3 b4 18. Nb5 Nd5 19. c4 Nb6 20. Nxc7 Rac8 21. Nd5 Nxd5 22. cxd5 Nd4 23. Rb1 Rxd5 24. b3 Rc2 25. Rb2 Kh7 26. Rxc2 Nxc2 27. Re7 g5 28. h3 Kg6 29. Rc7 Ne1+ 30. Kf1 Nd3 31. Rc6+ Kf5 32. Nf3 Nxc1 33. Rxc1 Bc3 34. Ke2 Ke4 35. Rc2 Rd3 36. Nh2 f5 37. f3+ Kd4 38. Nf1 h5 39. Rc1 g4 40. hxg4 f4 41. gxf4 h4 42. Rc2 h3 43. g5 h2 44. Nxh2 Re3+ 45. Kf2 Kd3 46. Ng4 Re1 47. Rb2 Re7 48. Ne5+ Bxe5 49. fxe5 Rxe5 50. f4 Re3 51. Rb1 Re2+ 52. Kf3 Rxa2 53. g6 Rh2 54. g7 Rh3+ 55. Kg2 1-0

[Event "AUT-ch Blitz"]
[Site "Innsbruck"]
[Date "2024.06.01"]
[Round "10"]
[White "Froewis, Annika"]
[Black "Neuschmied, Siegfried"]
[Result "0-1"]
[WhiteElo "2003"]
[BlackElo "2112"]
[PlyCount "55"]
[EventDate "2024.06.01"]
[EventType "swiss (blitz)"]
[EventRounds "11"]
[EventCountry "AUT"]
[SourceTitle "CBM 220 Extra"]
[Source "ChessBase"]
[SourceDate "2024.07.31"]
[SourceVersion "1"]
[SourceVersionDate "2024.07.31"]
[SourceQuality "1"]

1. d4 Nf6 2. Bf4 g6 3. Nc3 Bg7 4. e4 d6 5. Qd2 c6 6. 0-0-0 Qa5 7. Kb1 Nbd7 8. h4 h5 9. Nf3 0-0 10. Ng5 e5 11. dxe5 dxe5 12. Be3 Ng4 13. Bc4 Nxe3 14. fxe3 Nf6 15. Qd6 Bg4 16. Rdf1 Qd8 17. Qb4 b5 18. Bb3 a5 19. Qc5 Rc8 20. Bxf7+ Rxf7 21. Nxf7 Kxf7 22. Qxe5 Qe7 23. Qf4 Kg8 24. e5 Nd5 25. Nxd5 cxd5 26. Qd4 Qxe5 27. Qxe5 Bxe5 28. Rf2 0-1

[Event "AUT-ch Blitz"]
[Site "Innsbruck"]
[Date "2024.06.01"]
[Round "4"]
[White "Neuschmied, Siegfried"]
[Black "Lerch, Johannes"]
[Result "0-1"]
[WhiteElo "2112"]
[BlackElo "2325"]
[PlyCount "134"]
[EventDate "2024.06.01"]
[EventType "swiss (blitz)"]
[EventRounds "11"]
[EventCountry "AUT"]
[SourceTitle "CBM 220 Extra"]
[Source "ChessBase"]
[SourceDate "2024.07.31"]
[SourceVersion "1"]
[SourceVersionDate "2024.07.31"]
[SourceQuality "1"]

1. e4 d6 2. d4 Nf6 3. Nc3 e5 4. Nge2 h5 5. h3 Be7 6. Be3 Nbd7 7. Qd2 c6 8. f4 Qc7 9. 0-0-0 a5 10. Kb1 h4 11. Nc1 a4 12. Be2 a3 13. b3 b6 14. Bf3 Bb7 15. N3e2 0-0-0 16. c4 Kb8 17. Nc3 Nf8 18. fxe5 dxe5 19. d5 Bb4 20. Qc2 Ng6 21. Nd3 Be7 22. Na4 c5 23. Nc3 Ba6 24. Bc1 Ne8 25. Bxa3 Nd6 26. Bc1 Kb7 27. Be3 f6 28. Rhf1 Nf8 29. Bg4 Ka8 30. a4 Bc8 31. Bxc8 Rxc8 32. Kb2 Nd7 33. Ra1 Kb7 34. Qe2 g6 35. Qg4 Rcg8 36. Rf2 Qc8 37. Qe6 Qe8 38. Raf1 Nf8 39. Qg4 f5 40. exf5 gxf5 41. Qe2 e4 42. Nf4 Bf6 43. Kc2 Qe5 44. Bd2 Ng6 45. Ne6 Nf8 46. Qe3 Nxe6 47. dxe6 Rg3 48. Qe1 e3 49. Re2 exd2 50. Rxe5 dxe1Q 51. Rfxe1 Bxe5 52. Rxe5 Rxg2+ 53. Kd3 Rg3+ 54. Kc2 Rxc3+ 55. Kxc3 Kc8 56. a5 Kc7 57. axb6+ Kxb6 58. e7 Re8 59. b4 cxb4+ 60. Kxb4 Kc6 61. c5 Nc8 62. Rxf5 Nxe7 63. Rf6+ Kc7 64. Re6 Nd5+ 65. Kc4 Rxe6 66. Kxd5 Re3 67. Kd4 Rxh3 0-1

[Event "AUT-ch Blitz"]
[Site "Innsbruck"]
[Date "2024.06.01"]
[Round "8"]
[White "Teuschler, Barbara"]
[Black "Neuschmied, Siegfried"]
[Result "1-0"]
[WhiteElo "2019"]
[BlackElo "2112"]
[PlyCount "63"]
[EventDate "2024.06.01"]
[EventType "swiss (blitz)"]
[EventRounds "11"]
[EventCountry "AUT"]
[SourceTitle "CBM 220 Extra"]
[Source "ChessBase"]
[SourceDate "2024.07.31"]
[SourceVersion "1"]
[SourceVersionDate "2024.07.31"]
[SourceQuality "1"]

1. e4 g6 2. d4 Bg7 3. Nc3 d6 4. f4 Nf6 5. Nf3 0-0 6. e5 dxe5 7. fxe5 Nd5 8. Bc4 Nb6 9. Bb3 Nc6 10. 0-0 Bg4 11. Be3 Na5 12. h3 Nac4 13. Bf2 Nxb2 14. Qe2 Bxf3 15. gxf3 Qd7 16. Kh2 N2a4 17. Nxa4 Nxa4 18. e6 Qc6 19. exf7+ Kh8 20. Qxe7 Nb6 21. Rae1 a5 22. a4 Nxa4 23. Bg3 Rac8 24. Be5 Nb6 25. Bxg7+ Kxg7 26. Qe5+ Qf6 27. Qxa5 Ra8 28. Qc5 Rac8 29. Re6 Qf4+ 30. Kh1 Qg3 31. Qe5+ Kh6 32. Qxg3 1-0

[Event "AUT-ch Rapid"]
[Site "Innsbruck"]
[Date "2024.05.31"]
[Round "5"]
[White "Wimmer, Michael"]
[Black "Neuschmied, Siegfried"]
[Result "0-1"]
[WhiteElo "1929"]
[BlackElo "2133"]
[PlyCount "80"]
[EventDate "2024.05.30"]
[EventType "swiss (rapid)"]
[EventRounds "9"]
[EventCountry "AUT"]
[SourceTitle "CBM 220 Extra"]
[Source "ChessBase"]
[SourceDate "2024.07.31"]
[SourceVersion "1"]
[SourceVersionDate "2024.07.31"]
[SourceQuality "1"]

1. e4 c5 2. Nf3 e6 3. d4 cxd4 4. Nxd4 a6 5. a3 Nf6 6. Nc3 Qc7 7. Be3 b5 8. f4 d6 9. Be2 Bb7 10. Bf3 Nbd7 11. 0-0 Rc8 12. Nb3 Be7 13. Qe1 0-0 14. Qg3 Kh8 15. Rae1 Nb6 16. Kh1 Nc4 17. Bc1 e5 18. f5 Nxa3 19. Qf2 Nc4 20. g4 b4 21. Na2 a5 22. g5 Nd7 23. Bg4 f6 24. g6 Rfd8 25. Qh4 Nf8 26. Rf3 d5 27. Rh3 dxe4 28. Bh6 Bd6 29. Rg3 e3+ 30. Kg1 e4 31. Rg2 Rd7 32. Be2 Bd5 33. Nd4 Be5 34. Nb5 Qb7 35. b3 Nd2 36. gxh7 Nf3+ 37. Bxf3 exf3 38. Rxe3 fxg2 39. Rxe5 fxe5 40. f6 Qb6+ 0-1

[Event "AUT-ch Rapid"]
[Site "Innsbruck"]
[Date "2024.05.30"]
[Round "4"]
[White "Neuschmied, Siegfried"]
[Black "Tumanyan, Gor"]
[Result "1-0"]
[WhiteElo "2133"]
[BlackElo "1959"]
[PlyCount "79"]
[EventDate "2024.05.30"]
[EventType "swiss (rapid)"]
[EventRounds "9"]
[EventCountry "AUT"]
[SourceTitle "CBM 220 Extra"]
[Source "ChessBase"]
[SourceDate "2024.07.31"]
[SourceVersion "1"]
[SourceVersionDate "2024.07.31"]
[SourceQuality "1"]

1. e4 c5 2. Nf3 d6 3. Bb5+ Bd7 4. Bxd7+ Qxd7 5. c4 g6 6. Nc3 Bg7 7. d4 cxd4 8. Nxd4 Nf6 9. f3 0-0 10. Be3 Nc6 11. 0-0 Rac8 12. Nde2 Rfd8 13. Qd2 h5 14. b3 Kh7 15. h3 Qe8 16. Rad1 Qh8 17. Bg5 Qf8 18. f4 Bh6 19. Bxf6 exf6 20. Nd5 Bg7 21. Qd3 Ne7 22. Ne3 Nc6 23. Nc3 Nb4 24. Qd2 Na6 25. Ned5 Nc7 26. Ne3 Na6 27. Rde1 Nc7 28. Rf3 Re8 29. g4 Bh6 30. gxh5 gxh5 31. Nf5 Rcd8 32. Kh1 Ne6 33. Nd5 Qh8 34. Nxh6 Kxh6 35. f5+ Ng5 36. h4 Re5 37. Rg3 Rg8 38. Nc3 Kh7 39. hxg5 fxg5 40. Rxg5 1-0

[Event "Bregenz Bodensee Seniors op"]
[Site "Bregenz"]
[Date "2024.05.10"]
[Round "6"]
[White "Neuschmied, Siegfried"]
[Black "Dobosz, Henryk"]
[Result "1-0"]
[WhiteElo "2234"]
[BlackElo "2314"]
[PlyCount "67"]
[EventDate "2024.05.05"]
[EventType "swiss"]
[EventRounds "7"]
[EventCountry "AUT"]
[SourceTitle "CBM 220 Extra"]
[Source "ChessBase"]
[SourceDate "2024.07.31"]
[SourceVersion "1"]
[SourceVersionDate "2024.07.31"]
[SourceQuality "1"]

1. e4 e5 2. Nf3 Nc6 3. Bb5 Nge7 4. 0-0 g6 5. d4 exd4 6. Nxd4 Bg7 7. Be3 0-0 8. Nc3 d6 9. Qd2 a6 10. Bxc6 Nxc6 11. Nxc6 bxc6 12. Bh6 f5 13. Bxg7 Kxg7 14. f4 Rb8 15. b3 c5 16. Rae1 fxe4 17. Nxe4 Bf5 18. Ng3 Rb4 19. c3 Rb8 20. Re3 Qf6 21. Qe2 a5 22. Qa6 Ra8 23. Qc6 Ra7 24. Rfe1 Bc8 25. Re7+ Kh6 26. f5 Qxc3 27. Kh1 Bb7 28. Qd7 Rf7 29. Qe8 Bd5 30. Rxf7 Bxf7 31. Qe7 c6 32. Qf8+ Qg7 33. Qxd6 Bd5 34. Qf4+ 1-0

[Event "AUT-chT2W 2324"]
[Site "Austria"]
[Date "2024.04.21"]
[Round "11.2"]
[White "Neuschmied, Siegfried"]
[Black "Feistauer, Dirk"]
[Result "1-0"]
[WhiteElo "2180"]
[BlackElo "1954"]
[PlyCount "79"]
[EventDate "2023.09.29"]
[EventType "team-tourn"]
[EventRounds "11"]
[EventCountry "AUT"]
[SourceTitle "EXT 2025"]
[Source "ChessBase"]
[SourceDate "2024.10.14"]
[SourceVersion "1"]
[SourceVersionDate "2024.10.14"]
[SourceQuality "1"]
[WhiteTeam "Kufstein/Woergl"]
[BlackTeam "Bregenz"]
[WhiteTeamCountry "AUT"]
[BlackTeamCountry "AUT"]

1. e4 e6 2. d4 d5 3. e5 c5 4. c3 Qb6 5. Nf3 Nc6 6. Be2 Bd7 7. 0-0 Rc8 8. dxc5 Bxc5 9. b4 Bf8 10. Bd3 Nge7 11. Re1 g6 12. Nbd2 Bg7 13. Nb3 Nb8 14. Be3 Qc7 15. Rc1 a6 16. Bc5 Bc6 17. Qd2 Nd7 18. Bd6 Qd8 19. Nbd4 Ng8 20. Ng5 Bh6 21. h4 Nb6 22. Qf4 Qd7 23. Rcd1 Ba4 24. Rc1 Nc4 25. Bxc4 Rxc4 26. Re3 Bxg5 27. hxg5 h5 28. Rh3 Ne7 29. g4 Nc8 30. Re1 Nxd6 31. exd6 h4 32. Kh1 Rf8 33. Qf6 Qxd6 34. Nxe6 Re4 35. Rxe4 dxe4 36. Nxf8 Qd1+ 37. Kh2 Qxg4 38. Nh7 Bd7 39. Re3 Bf5 40. Qd6 1-0

[Event "AUT-chT2W 2324"]
[Site "Austria"]
[Date "2024.04.19"]
[Round "9.4"]
[White "Neuschmied, Siegfried"]
[Black "Herrmann, Michael2"]
[Result "1/2-1/2"]
[WhiteElo "2180"]
[BlackElo "2086"]
[PlyCount "77"]
[EventDate "2023.09.29"]
[EventType "team-tourn"]
[EventRounds "11"]
[EventCountry "AUT"]
[SourceTitle "EXT 2025"]
[Source "ChessBase"]
[SourceDate "2024.10.14"]
[SourceVersion "1"]
[SourceVersionDate "2024.10.14"]
[SourceQuality "1"]
[WhiteTeam "Kufstein/Woergl"]
[BlackTeam "Salzburg ASK"]
[WhiteTeamCountry "AUT"]
[BlackTeamCountry "AUT"]

1. e4 c6 2. d4 d5 3. e5 Bf5 4. Nf3 e6 5. Be2 Nd7 6. 0-0 Ne7 7. b3 Bg6 8. c4 Nf5 9. Nc3 Be7 10. Bf4 0-0 11. Qd2 a5 12. Rad1 Re8 13. Qc1 Rc8 14. h3 Nf8 15. Qb2 h6 16. Rfe1 Bh7 17. Bf1 Kh8 18. Kh1 Rb8 19. Bh2 Rc8 20. Bd3 Ra8 21. Na4 Rc8 22. Bf4 Ra8 23. Kg1 Rc8 24. Bf1 Ra8 25. Rc1 Rc8 26. Red1 Ng6 27. Bd2 Nf8 28. Be1 Nd7 29. g4 Nh4 30. Nxh4 Bxh4 31. Qd2 Ra8 32. Bg2 Be7 33. c5 f5 34. Rc3 b5 35. Nb2 Rf8 36. Qe2 Qe8 37. Rf3 Qg6 38. gxf5 Rxf5 39. Rxf5 1/2-1/2

[Event "AUT-chT2W 2324"]
[Site "Austria"]
[Date "2024.01.19"]
[Round "6.2"]
[White "Cafasso, Elia"]
[Black "Neuschmied, Siegfried"]
[Result "1/2-1/2"]
[WhiteElo "2153"]
[BlackElo "2180"]
[PlyCount "174"]
[EventDate "2023.09.29"]
[EventType "team-tourn"]
[EventRounds "11"]
[EventCountry "AUT"]
[SourceTitle "EXT 2025"]
[Source "ChessBase"]
[SourceDate "2024.10.14"]
[SourceVersion "1"]
[SourceVersionDate "2024.10.14"]
[SourceQuality "1"]
[WhiteTeam "Dornbirn"]
[BlackTeam "Kufstein/Woergl"]
[WhiteTeamCountry "AUT"]
[BlackTeamCountry "AUT"]

1. e4 g6 2. d4 Bg7 3. Nf3 d6 4. Nc3 a6 5. a4 Nf6 6. Bc4 Nc6 7. Be3 0-0 8. h3 e5 9. dxe5 dxe5 10. Bc5 Re8 11. Ng5 Be6 12. Nxe6 fxe6 13. Be3 Qe7 14. Qc1 Qb4 15. Bd3 Rf8 16. 0-0 Nh5 17. Rd1 Rad8 18. a5 Nf4 19. Ra4 Qe7 20. Bf1 Nd4 21. g3 Nh5 22. Ne2 Qd7 23. Nc3 Rf7 24. Kg2 Rdf8 25. Rb4 Qc8 26. Na4 Nc6 27. Rc4 Nxa5 28. Rc5 b5 29. Nc3 Nb7 30. Rc6 Nd8 31. Rc5 c6 32. Na2 Nf6 33. Bd3 Nd7 34. Rc3 c5 35. Ra3 Qb7 36. c4 b4 37. Ra4 Nc6 38. b3 Nd4 39. Qb2 h5 40. Nc1 Nf5 41. Rd2 h4 42. Bg5 hxg3 43. fxg3 Nd4 44. h4 Nf6 45. Qb1 Nh5 46. Be2 Rf2+ 47. Kh3 Qf7 48. Raa2 Nxg3 49. Bg4 Rxd2 50. Rxd2 Nh5 51. Nd3 Nf4+ 52. Bxf4 exf4 53. Nxc5 Qf6 54. Nd7 Qe7 55. Nxf8 Qxf8 56. Rxd4 Bxd4 57. Bxe6+ Kg7 58. Qd3 Qf6 59. Bg4 Bf2 60. Kg2 Bxh4 61. c5 Kh6 62. Qc2 Qe5 63. c6 Bd8 64. Kf3 Bc7 65. Qh2+ Kg5 66. Qg2 Qc3+ 67. Kf2 Bb6+ 68. Kf1 Qc1+ 69. Bd1+ Kf6 70. Qe2 Qc5 71. Qf3 g5 72. Kg2 Ke5 73. Kh3 Qxc6 74. Qg4 Qe6 75. Qxe6+ Kxe6 76. Kg4 Bd8 77. Be2 a5 78. Bb5 Ke5 79. Bc6 a4 80. Bxa4 Kxe4 81. Bc6+ Ke3 82. Bb7 Kd4 83. Bc6 Kc3 84. Bd5 Be7 85. Be6 Bc5 86. Bf7 Kd2 87. Bd5 Ke3 1/2-1/2

[Event "AUT-chT2W 2324"]
[Site "Austria"]
[Date "2023.11.11"]
[Round "4.2"]
[White "Neuschmied, Siegfried"]
[Black "Riediger, Martin"]
[Result "1-0"]
[WhiteElo "2180"]
[BlackElo "2187"]
[PlyCount "77"]
[EventDate "2023.09.29"]
[EventType "team-tourn"]
[EventRounds "11"]
[EventCountry "AUT"]
[SourceTitle "EXT 2025"]
[Source "ChessBase"]
[SourceDate "2024.10.14"]
[SourceVersion "1"]
[SourceVersionDate "2024.10.14"]
[SourceQuality "1"]
[WhiteTeam "Kufstein/Woergl"]
[BlackTeam "Ranshofen"]
[WhiteTeamCountry "AUT"]
[BlackTeamCountry "AUT"]

1. e4 e5 2. Nf3 Nc6 3. Bb5 Nf6 4. d3 d6 5. c3 g6 6. 0-0 Bg7 7. Re1 0-0 8. h3 a6 9. Bxc6 bxc6 10. d4 Nd7 11. Qa4 c5 12. Be3 exd4 13. cxd4 Rb8 14. Qc2 cxd4 15. Nxd4 c5 16. Nb3 Ne5 17. Nc3 Qh4 18. f4 Nc4 19. Bf2 Qh5 20. Rab1 Be6 21. Ne2 Rfe8 22. Red1 Nxb2 23. Rxb2 Bxb2 24. Ng3 Qh6 25. Qxb2 Qxf4 26. Qc2 Qe5 27. Be1 h5 28. Nd2 Rb2 29. Qa4 Bxa2 30. Nf3 Qe7 31. Qa3 Rb1 32. Rd2 Bc4 33. Qc3 h4 34. Qxc4 hxg3 35. Re2 Qb7 36. Nd2 Qb4 37. Qd3 Qd4+ 38. Qxd4 cxd4 39. Nxb1 1-0

[Event "St Veit op 42nd"]
[Site "St Veit"]
[Date "2023.07.15"]
[Round "9"]
[White "Neuschmied, Siegfried"]
[Black "Beber, Anja"]
[Result "1-0"]
[WhiteElo "2206"]
[BlackElo "1799"]
[PlyCount "71"]
[EventDate "2023.07.08"]
[EventType "swiss"]
[EventRounds "9"]
[EventCountry "AUT"]
[SourceTitle "CBM 215 Extra"]
[Source "ChessBase"]
[SourceDate "2023.09.30"]
[SourceVersion "1"]
[SourceVersionDate "2023.09.30"]
[SourceQuality "1"]

1. e4 e5 2. Nf3 Qe7 3. Nc3 c6 4. Be2 Nf6 5. 0-0 h6 6. d4 d6 7. a4 g5 8. b3 Bg4 9. Ba3 Qc7 10. dxe5 dxe5 11. Bxf8 Kxf8 12. Nd2 Bxe2 13. Qxe2 Nbd7 14. Nc4 Nb6 15. Ne3 Nc8 16. Qf3 Kg7 17. h4 Nd6 18. Rad1 Nfe8 19. Rd3 f6 20. Rfd1 Kg6 21. Nf5 Rd8 22. Ne2 h5 23. Neg3 Rh7 24. R1d2 g4 25. Qe3 Nf7 26. Qxa7 Rxd3 27. Rxd3 Ng7 28. Nxg7 Kxg7 29. Qe3 Kg6 30. Qd2 Nh6 31. Rd6 Qe7 32. Qg5+ Kf7 33. Qxh5+ Kg7 34. Rd3 Kh8 35. Nf5 Nxf5 36. Qxf5 1-0

[Event "St Veit op 42nd"]
[Site "St Veit"]
[Date "2023.07.14"]
[Round "8"]
[White "Vanduyfhuys, Daria"]
[Black "Neuschmied, Siegfried"]
[Result "1-0"]
[WhiteElo "2043"]
[BlackElo "2206"]
[PlyCount "91"]
[EventDate "2023.07.08"]
[EventType "swiss"]
[EventRounds "9"]
[EventCountry "AUT"]
[SourceTitle "CBM 215 Extra"]
[Source "ChessBase"]
[SourceDate "2023.09.30"]
[SourceVersion "1"]
[SourceVersionDate "2023.09.30"]
[SourceQuality "1"]

1. d4 Nf6 2. c4 g6 3. Nc3 Bg7 4. e4 0-0 5. h3 c5 6. Nf3 cxd4 7. Nxd4 d6 8. Be2 Nbd7 9. 0-0 Nc5 10. Bf3 a5 11. Be3 a4 12. Ndb5 Nfd7 13. Rb1 Ne5 14. b4 axb3 15. axb3 Bd7 16. b4 Nxf3+ 17. Qxf3 Na4 18. Nxa4 Rxa4 19. Rfc1 Bxb5 20. cxb5 Qd7 21. Qe2 Rc8 22. Rxc8+ Qxc8 23. Rc1 Ra1 24. Rxa1 Bxa1 25. Qa2 Be5 26. Qd5 e6 27. Qa2 Qc3 28. g3 Kg7 29. Qa8 Qa1+ 30. Qxa1 Bxa1 31. Bf4 Be5 32. Bxe5+ dxe5 33. Kf1 h5 34. h4 Kf6 35. Ke2 Ke7 36. Kd3 Kd6 37. Kc4 f6 38. Kc3 Kc7 39. Kc4 Kb6 40. f4 f5 41. exf5 gxf5 42. fxe5 Kc7 43. Kc5 Kd7 44. Kb6 Kc8 45. Ka7 Kc7 46. b6+ 1-0